|
|
|
|
| LEADER |
00000nam a2200000 4500 |
| 001 |
vtls012068988 |
| 003 |
SK-MaSNL |
| 005 |
20260301104149.0 |
| 008 |
251112s1571 be f 001 0 lat |
| 015 |
|
|
|a SNBHFA
|
| 040 |
|
|
|a SNKHF
|b slo
|c SNKHF
|e rda
|
| 041 |
0 |
|
|a lat
|
| 044 |
|
|
|a be
|c BE
|
| 072 |
|
7 |
|a 2-23/-27
|x Biblia. Biblistika
|2 konspekt
|
| 080 |
|
|
|a 27‑23
|2 2011
|
| 080 |
|
|
|a 2‑21
|2 2011
|
| 080 |
|
|
|a 2‑273
|2 2011
|
| 100 |
1 |
|
|a Arias Montano, Benito,
|d 1527-1598
|4 aut
|4 aui
|9 54389
|
| 245 |
1 |
0 |
|a Liber Ioseph, Sive, De Arcano Sermone
|c Ad Sacri Apparatvs Instrvctionem A Benedicto Aria Montano Hispalensi Concinnatvs
|
| 264 |
|
3 |
|a Antverpiae
|b Excudebat Christophorus Plantinus Prototypogrphus Regius
|c MDLXXI (1571)
|
| 300 |
|
|
|a 4 nečíslované listy, 118 strán, 3 nečíslované listy
|c 2°
|c 44,5 cm
|
| 336 |
|
|
|a text
|b txt
|2 rdacontent
|
| 337 |
|
|
|a bez média
|b n
|2 rdamedia
|
| 338 |
|
|
|a zväzok
|b nc
|2 rdacarrier
|
| 500 |
|
|
|a Signet, iniciálky s ornamentálnym pozadím vo voľnom priestore na 5 a 8 riadkov
|
| 501 |
|
|
|a Príväzok 1.: ARIAS MONTANO, Benito. Liber Ieremiae, Sive, De Actione. Antverpiae: Excudebat Christophorus Plantinus, 1571.
|5 SNK IA 603/3/prív.1
|
| 501 |
|
|
|a Príväzok 2.: ARIAS MONTANO, Benito. Phaleg, Sive, De Gentivm Sedibvs Primis, Orbisqve Terrae Sitv, Liber. Antverpiae: Excudebat Christophorus Plantinus, 1572.
|5 SNK IA 603/3/prív.2
|
| 501 |
|
|
|a Príväzok 3.: ARIAS MONTANO, Benito. Thvbal-Cain, Sive, De Mensvris Sacris Liber. Antverpiae: Excudebat Christophorus Plantinus, 1572.
|5 SNK IA 603/3/prív.3
|
| 501 |
|
|
|a Príväzok 4.: ARIAS MONTANO, Benito. Exemplar, Sive, De Sacris Fabricis Liber. Antverpiae: Excudebat Christophorus Plantinus, 1572.
|5 SNK IA 603/3/prív.4
|
| 501 |
|
|
|a Príväzok 5.: ARIAS MONTANO, Benito. Aaron, Sive, Sanctorvm Vestimentorvm Ornamentorvmqve Svmma Descriptio. Antverpiae: Excudebat Christophorus Plantinus, 1572.
|5 SNK IA 603/3/prív.5
|
| 501 |
|
|
|a Príväzok 6.: ARIAS MONTANO, Benito. Daniel, Sive, De Saecvlis Codex Integer. Antverpiae: Excudebat Christophorus Plantinus, 1572.
|5 SNK IA 603/3/prív.6
|
| 501 |
|
|
|a Príväzok 7.: ARIAS MONTANO, Benito. Sacrorvm Bibliorvm Tomvs Tertivs. [Anvers]: [Plantin, Christophe], 1573.
|5 SNK IA 603/3/prív.7
|
| 504 |
|
|
|a Text knihy radený do dvoch stĺpcov, vnútorné a vonkajšie marginálie, kustody
|
| 508 |
|
|
|a Predslov autora
|
| 510 |
4 |
|
|a KBR
|c PAL FIC H155-H156
|
| 546 |
|
|
|a Latinčina
|b Antikva
|b Kurzíva
|
| 562 |
|
|
|a Rukopisné exlibrisy: Oblatus a Alaggo Dño Alexio Reuay Contus S. Catharinae 1673 z. Aug. - Ex libris Ladislai de Réva. Ao 1644. - MS-Ba Tr Skal 24.548.
|5 SNK IA 603/3
|
| 563 |
|
|
|a Väzba: žlto-hnedá koža s ornamentálno-figurálnou slepotlačou, jedna z dvoch kovových spôn, text na chrbte, iniciály na titule: LHP 1591.
|5 SNK IA 603/3
|
| 650 |
0 |
7 |
|a teológia
|2 SNKPH
|9 1814
|
| 650 |
0 |
7 |
|a biblistika
|2 SNKPH
|9 1798
|
| 650 |
0 |
7 |
|a biblická interpretácia
|2 SNKPH
|9 68298
|
| 700 |
1 |
|
|a Révay, Alexius
|4 fmo
|9 442478
|
| 700 |
1 |
|
|a Révai, Ladislav,
|d 1600-1667
|4 fmo
|9 130118
|
| 700 |
1 |
|
|a Plantin, Christophe,
|d 1520-1589
|4 prt
|9 129849
|
| 710 |
2 |
|
|a Františkáni (Bratislava, Slovensko)
|4 fmo
|9 281881
|
| 710 |
0 |
|
|a Plantin, Christophe (Antverpy, Belgicko),
|d 1548-1589
|4 prt
|9 179213
|
| 752 |
|
|
|a Belgicko
|d Antverpy
|
| 852 |
|
|
|a snk
|p IA 603/3
|
| 958 |
|
|
|a DA
|
| 958 |
|
|
|a ONDV
|
| 999 |
|
|
|c 697404
|d 699334
|
| 952 |
|
|
|t Tlače 16. storočia
|a SNK
|b SNK
|c SNK_HF
|y PREZ
|7 0
|p 17A1358983
|o snkIA 603/3
|i snkF 1122/79
|z Kniha má sedem príväzkov.
|0 0
|1 0
|4 0
|d 2021-09-17
|l 0
|r 2026-02-23 20:46:32
|w 2026-02-23
|